Ingrédients du panettone traditionnel - Statistiques

Statistiques générales
  • Ce quiz a été pris 35 fois
  • Le résultat moyen est 8 sur 11
Statistiques - réponses
Quantité Ingrédient % Correct
500g Farine
100%
15g Levure
90%
1 pincée Sel
90%
12cl Eau
87%
12cl Lait
87%
2 unités Œufs
87%
180g Beurre
83%
1 poignée Raisins secs
47%
120g Fruits confits
43%
75g Sucre roux/Cassonade
40%
2 unités Jaunes d'œuf
13%
Aucun quiz correspondant
Distribution des résultats
% des personnes avec chaque résultat
Percentile par nombre de réponses
Votre historique - résultats
Vous n’avez pas pris ce quiz